000 00878nam a2200241 i 4500
001 16431
003 ES-MaACL
005 20240506183303.0
007 t|
008 000920s1991 sp ||||1| spa d
080 _a929 Carande, Ramón (064.3)
245 0 0 _aRamón Carande
_b: vida y obra /
_c[textos del catálogo: Bernardo Carande, Julio Caro Baroja].
260 _aBadajoz :
_bJunta de Extremadura, Consejería de Educación y Cultura,
_c[1991]
300 _a69 p. :
_bil. ;
_c29 cm.
600 1 4 _aCarande, Ramón-
_vExposiciones.
_934953
655 7 _2tgfbne
_9193628
_aCatálogos de exposiciones
700 1 _aCaro Baroja, Julio,
_d1914-1995
_935403
700 0 _aCarande, Bernardo Víctor,
_d1932-2005
_934950
710 1 _aExtremadura.
_bConsejería de Educación y Cultura.
_94053
852 _aES-MaACL
_jG-2178
_bR.120024
942 _2udc
999 _c16431
_d16431